[Event "1st CRO junior liga"]
[Site "Sveti Filip i Jakov"]
[Date "2018.04.06"]
[Round "8.18"]
[White "Birkic, Josip"]
[Black "Hajpek, Erik"]
[Result "1/2-1/2"]
[WhiteElo "1781"]
[BlackElo "1790"]
[PlyCount "76"]
[EventDate "2018.??.??"]
[WhiteClock "1:30:00"]
[BlackClock "1:30:00"]

1. d4 Nf6 2. Nf3 g6 3. Bf4 Bg7 4. Nbd2 O-O 5. e4 d6 6. h3 Nbd7 7. Bc4 c5 8. c3
cxd4 9. cxd4 Qa5 10. O-O e5 11. dxe5 Nxe5 12. Bxe5 dxe5 13. Qb3 Rb8 14. Rfd1
Bd7 15. a4 Bc6 16. Ng5 Qc7 17. Rac1 h6 18. Ngf3 Qe7 19. Re1 Rfd8 20. Bb5 Bxb5
21. Qxb5 Nd7 22. Rc7 a6 23. Qd5 b5 24. a5 Qe8 25. Qc6 Ra8 26. Rc1 Nf8 27. Qb6
Ne6 28. Rb7 Rdc8 29. Rxc8 Qxc8 30. Ra7 Rxa7 31. Qxa7 Nd4 32. b3 Nxf3+ 33. Nxf3
Qc1+ 34. Kh2 Qf4+ 35. Kg1 Qc1+ 36. Kh2 Qf4+ 37. Kh1 Qc1+ 38. Ng1 Qc6 1/2-1/2

[Event "1st CRO junior liga"]
[Site "Sveti Filip i Jakov"]
[Date "2018.04.06"]
[Round "8.19"]
[White "Drempetic, Mario"]
[Black "Ljubicic, Mario"]
[Result "1-0"]
[WhiteElo "1767"]
[BlackElo "1738"]
[PlyCount "45"]
[EventDate "2018.??.??"]
[WhiteClock "1:29:00"]
[BlackClock "1:30:00"]

1. d4 Nf6 2. c4 e6 3. Nf3 d5 4. Bg5 Nc6 5. Nc3 Bb4 6. e3 Bxc3+ 7. bxc3 O-O 8.
Qc2 h6 9. Bh4 Re8 10. Ne5 Nxe5 11. dxe5 g5 12. Bg3 Ne4 13. Bd3 Nxg3 14. fxg3 c6
15. O-O Qc7 16. Rf6 Qxe5 17. Raf1 Qxe3+ 18. Kh1 e5 19. Bh7+ Kh8 20. Rxh6 Kg7
21. Rxf7+ Kxf7 22. Qg6+ Ke7 23. Qf6+ 1-0

[Event "1st CRO junior liga"]
[Site "Sveti Filip i Jakov"]
[Date "2018.04.06"]
[Round "8.20"]
[White "Vucenovic, Damian"]
[Black "Hajpek, Egon"]
[Result "0-1"]
[WhiteElo "1666"]
[BlackElo "1538"]
[PlyCount "52"]
[EventDate "2018.??.??"]
[WhiteClock "1:30:00"]
[BlackClock "1:30:00"]

1. e4 e5 2. Nf3 Nc6 3. Bc4 Bc5 4. c3 Nf6 5. d3 d6 6. Nbd2 a6 7. Bb3 h6 8. O-O
g5 9. Nc4 Bg4 10. Ne3 Qd7 11. Nxg4 Qxg4 12. d4 Bb6 13. Bd5 O-O-O 14. Bxc6 bxc6
15. Qa4 Kb7 16. dxe5 Nxe4 17. h3 Qf5 18. exd6 Rxd6 19. Be3 g4 20. hxg4 Qxg4 21.
Nh2 Qg6 22. Nf3 Rg8 23. Ne1 Bxe3 24. fxe3 Rd2 25. Rf3 Rxg2+ 26. Kf1 Nd2# 0-1

[Event "1st CRO junior liga"]
[Site "Sveti Filip i Jakov"]
[Date "2018.04.06"]
[Round "8.21"]
[White "Blazeka, Mihaela"]
[Black "Tica, Sven"]
[Result "0-1"]
[WhiteElo "2094"]
[BlackElo "2442"]
[PlyCount "68"]
[EventDate "2018.??.??"]
[WhiteClock "1:30:00"]
[BlackClock "1:30:00"]

1. e4 c6 2. d4 d5 3. Nc3 dxe4 4. Nxe4 Nd7 5. Nf3 Ngf6 6. Ng3 Nb6 7. Bd3 Bg4 8.
c3 e6 9. h3 Bxf3 10. Qxf3 Nbd5 11. O-O Bd6 12. Re1 O-O 13. Ne4 Be7 14. Bg5 h6
15. Bh4 Nxe4 16. Qxe4 g6 17. Bxe7 Qxe7 18. c4 Nf6 19. Qe5 Rfd8 20. Re3 Rd7 21.
Rf3 Nh5 22. Re1 Rad8 23. Re4 Qg5 24. Be2 Qc1+ 25. Kh2 Qxb2 26. Rh4 Ng7 27. Bd3
Qd2 28. Rg4 Qb4 29. Rfg3 Qd6 30. Qf6 Qe7 31. Qf4 g5 32. h4 e5 33. dxe5 Rxd3 34.
hxg5 h5 0-1

[Event "1st CRO junior liga"]
[Site "Sveti Filip i Jakov"]
[Date "2018.04.06"]
[Round "8.22"]
[White "Makovec, Bruno"]
[Black "Smetisko, Josip"]
[Result "1-0"]
[WhiteElo "2313"]
[BlackElo "1880"]
[PlyCount "141"]
[EventDate "2018.??.??"]
[WhiteClock "1:26:00"]
[BlackClock "1:30:00"]

1. d4 Nf6 2. c4 g6 3. Nf3 d5 4. cxd5 Nxd5 5. e4 Nb6 6. Be2 Bg7 7. O-O O-O 8. h3
Nc6 9. Be3 Re8 10. Nc3 h6 11. Rc1 Kh7 12. Qd2 e5 13. d5 Ne7 14. Nb5 c6 15. dxc6
Nxc6 16. Rfd1 Be6 17. Qe1 Qb8 18. Bc5 Bf8 19. Bxf8 Rxf8 20. b3 a6 21. Nc3 Rd8
22. Bf1 Qc7 23. Qe3 Rxd1 24. Nxd1 Rd8 25. Nb2 f6 26. Nd3 Nd7 27. Nb4 Ndb8 28.
Nd3 Qa5 29. Nc5 Bc8 30. a4 Rd6 31. Nh4 Qd2 32. Qg3 Qg5 33. Qxg5 hxg5 34. Nf3
Nd7 35. Nd3 Nb6 36. Nc5 Kg7 37. Nh2 f5 38. Nf3 Kf6 39. Ne1 Nd7 40. Ned3 a5 41.
Nxd7+ Rxd7 42. exf5 gxf5 43. Nb2 Rd4 44. Bb5 Bd7 45. Nc4 Ke6 46. Bxc6 Bxc6 47.
Nxa5 Bd5 48. Nc4 Bxc4 49. Rxc4 Rd7 50. Rc5 f4 51. Kf1 Kf5 52. Ke2 Ke4 53. Rc3
Rg7 54. b4 Rd7 55. Rc5 Rd4 56. Rb5 Rd7 57. a5 Rc7 58. Rc5 Rd7 59. b5 Kd4 60.
Rc2 Ke4 61. f3+ Kf5 62. a6 bxa6 63. bxa6 Ra7 64. Ra2 Ke6 65. Kd3 Kd5 66. Ra5+
Ke6 67. Kc4 Kd6 68. Kb5 Kc7 69. Ra2 Ra8 70. Kc5 Rd8 71. a7 1-0

[Event "1st CRO junior liga"]
[Site "Sveti Filip i Jakov"]
[Date "2018.04.06"]
[Round "8.23"]
[White "Djukin, Marko"]
[Black "Starcevic, Ante Leon"]
[Result "0-1"]
[WhiteElo "1896"]
[BlackElo "2148"]
[PlyCount "188"]
[EventDate "2018.??.??"]
[WhiteClock "1:30:00"]
[BlackClock "1:30:00"]

1. d4 d5 2. c4 c6 3. Nc3 Nf6 4. Nf3 e6 5. Bf4 dxc4 6. Bxb8 Rxb8 7. Ne5 Bb4 8.
Nxc4 O-O 9. e3 c5 10. dxc5 Qxd1+ 11. Rxd1 Ne4 12. Bd3 Nxc3 13. bxc3 Bxc3+ 14.
Ke2 Bb4 15. Rb1 Bxc5 16. Rhc1 b6 17. a4 Bd7 18. a5 Rfc8 19. Ne5 Be8 20. Ba6 Rd8
21. axb6 axb6 22. Bb5 Bxb5+ 23. Rxb5 Ra8 24. Nd3 Ra2+ 25. Kf3 Rxd3 26. Rcxc5 g6
27. Rc1 Rdd2 28. Rf1 Rab2 29. Rxb2 Rxb2 30. Ra1 Kg7 31. Ra7 h5 32. h4 Kf6 33.
Rb7 e5 34. Kg3 Rb4 35. f3 Ke6 36. e4 Rb2 37. Kh3 Rb1 38. Kg3 f5 39. exf5+ Kxf5
40. Rb8 Rb4 41. Rf8+ Ke6 42. Rg8 Kf6 43. Rf8+ Ke6 44. Rg8 Kf7 45. Rb8 Rb3 46.
Kh2 b5 47. Rb6 Rb4 48. Kg3 Rb3 49. Kf2 Rb2+ 50. Ke3 Rxg2 51. Rxb5 Kf6 52. Ke4
Re2+ 53. Kd3 Rh2 54. Rb4 Kf5 55. Ke3 Ra2 56. Rb8 Ra4 57. Rf8+ Ke6 58. Re8+ Kf6
59. f4 exf4+ 60. Kf3 Ra3+ 61. Kxf4 Rh3 62. Rf8+ Kg7 63. Ra8 Rxh4+ 64. Kf3 Rb4
65. Ra5 Kf6 66. Kg3 Re4 67. Rb5 Re5 68. Rb6+ Kf5 69. Kf3 Ra5 70. Rb4 Ra3+ 71.
Kg2 Re3 72. Rb8 g5 73. Rf8+ Kg4 74. Rg8 Re2+ 75. Kg1 Kf4 76. Ra8 h4 77. Ra4+
Re4 78. Ra2 g4 79. Rf2+ Kg5 80. Rf8 Re2 81. Rf7 Ra2 82. Rf8 Ra1+ 83. Kg2 h3+
84. Kh2 Ra2+ 85. Kg1 g3 86. Rg8+ Kf4 87. Rf8+ Ke5 88. Re8+ Kd6 89. Rd8+ Kc7 90.
Rd1 Rc2 91. Ra1 Kc6 92. Rd1 Kc5 93. Rb1 Kc4 94. Ra1 Kb3 0-1

[Event "1st CRO junior liga"]
[Site "Sveti Filip i Jakov"]
[Date "2018.04.06"]
[Round "8.24"]
[White "Toplak, Juraj"]
[Black "Svabenic, Stjepan"]
[Result "1-0"]
[WhiteElo "2029"]
[BlackElo "1225"]
[PlyCount "49"]
[EventDate "2018.??.??"]
[WhiteClock "1:30:00"]
[BlackClock "1:30:00"]

1. e4 e5 2. Nf3 Nc6 3. c3 Nf6 4. d4 exd4 5. e5 Nd5 6. Qb3 Nb6 7. cxd4 Bb4+ 8.
Nc3 d6 9. Bb5 Bxc3+ 10. bxc3 Bd7 11. O-O a6 12. Bg5 Ne7 13. exd6 cxd6 14. Bxe7
Kxe7 15. Bxd7 Nxd7 16. Ng5 Qf8 17. Qxb7 h6 18. Rfe1+ Kd8 19. Qxa8+ Kc7 20. Qa7+
Kd8 21. Nxf7+ Qxf7 22. Qa8+ Kc7 23. Qxh8 Nf8 24. Re3 Ne6 25. Qa8 1-0

[Event "1st CRO junior liga"]
[Site "Sveti Filip i Jakov"]
[Date "2018.04.07"]
[Round "9.1"]
[White "Tica, Sven"]
[Black "Zadravec, Matija"]
[Result "1-0"]
[WhiteElo "2442"]
[BlackElo "2206"]
[PlyCount "67"]
[EventDate "2018.??.??"]
[WhiteClock "1:29:00"]
[BlackClock "1:30:00"]

1. d4 Nf6 2. c4 e6 3. g3 Bb4+ 4. Bd2 Bxd2+ 5. Nxd2 d5 6. Bg2 O-O 7. Ngf3 c6 8.
O-O b6 9. Qc2 Bb7 10. e4 dxe4 11. Nxe4 Nxe4 12. Qxe4 Nd7 13. Rac1 Qc7 14. c5
Rad8 15. a3 Rfe8 16. Rfd1 e5 17. cxb6 axb6 18. Nxe5 Nxe5 19. dxe5 Rxd1+ 20.
Rxd1 g6 21. f4 Rd8 22. Rd4 Kg7 23. Qd3 Rxd4 24. Qxd4 Bc8 25. e6+ f6 26. Qe3 Kf8
27. f5 g5 28. h4 h6 29. hxg5 hxg5 30. Qf3 Bb7 31. Qh5 Qg7 32. a4 Ke7 33. Qd1
Ke8 34. Qd6 1-0

[Event "1st CRO junior liga"]
[Site "Sveti Filip i Jakov"]
[Date "2018.04.07"]
[Round "9.2"]
[White "Dabic, Stjepan"]
[Black "Makovec, Bruno"]
[Result "1/2-1/2"]
[WhiteElo "2012"]
[BlackElo "2313"]
[PlyCount "39"]
[EventDate "2018.??.??"]
[WhiteClock "1:30:00"]
[BlackClock "1:30:00"]

1. d4 Nf6 2. c4 e6 3. Nc3 Bb4 4. e3 O-O 5. Bd3 d5 6. Nf3 c5 7. O-O cxd4 8. exd4
dxc4 9. Bxc4 b6 10. Bg5 Bb7 11. Qe2 Bxc3 12. bxc3 Nbd7 13. Bd3 Qc7 14. Rac1 Ng4
15. Be4 Bxe4 16. Qxe4 Ngf6 17. Qe2 Rac8 18. c4 Qb7 19. Rfe1 Rfe8 20. Ne5
1/2-1/2

[Event "1st CRO junior liga"]
[Site "Sveti Filip i Jakov"]
[Date "2018.04.07"]
[Round "9.3"]
[White "Starcevic, Ante Leon"]
[Black "Kanizaj, Benjamin"]
[Result "1-0"]
[WhiteElo "2148"]
[BlackElo "1940"]
[PlyCount "45"]
[EventDate "2018.??.??"]
[WhiteClock "1:30:00"]
[BlackClock "1:30:00"]

1. d4 d5 2. c4 c6 3. Nf3 Nf6 4. e3 e6 5. b3 Bd6 6. Bb2 O-O 7. Bd3 Nbd7 8. O-O
Re8 9. Ne5 c5 10. f4 cxd4 11. exd4 dxc4 12. bxc4 a6 13. Nd2 Qb6 14. Rb1 Be7 15.
c5 Qc7 16. Rf3 Nf8 17. Qe2 Bd7 18. Ndc4 Rad8 19. Bc3 Qb8 20. c6 Bc8 21. c7 Qxc7
22. Ba5 Qb8 23. Nc6 1-0

[Event "1st CRO junior liga"]
[Site "Sveti Filip i Jakov"]
[Date "2018.04.07"]
[Round "9.4"]
[White "Lesar, David"]
[Black "Markovic, Franjo-Josip"]
[Result "1/2-1/2"]
[WhiteElo "1905"]
[BlackElo "2034"]
[PlyCount "51"]
[EventDate "2018.??.??"]
[WhiteClock "1:30:00"]
[BlackClock "1:30:00"]

1. e4 e6 2. d4 d5 3. Nd2 c5 4. exd5 exd5 5. Ngf3 Nc6 6. dxc5 Bxc5 7. Nb3 Bb6 8.
c3 Nge7 9. Be2 O-O 10. O-O Bg4 11. h3 Bh5 12. Qc2 Rc8 13. a3 Qd6 14. Ng5 Bg6
15. Bd3 Ne5 16. Bxg6 N7xg6 17. Bf4 Qf6 18. Bxe5 Qxg5 19. Bh2 Nh4 20. g3 Nf3+
21. Kg2 d4 22. c4 Nxh2 23. Kxh2 Rfd8 24. Qd3 Qg6 25. Qxg6 hxg6 26. Nd2 1/2-1/2

[Event "1st CRO junior liga"]
[Site "Sveti Filip i Jakov"]
[Date "2018.04.07"]
[Round "9.5"]
[White "Levacic, Matej"]
[Black "Blazeka, Mihaela"]
[Result "0-1"]
[WhiteElo "1893"]
[BlackElo "2094"]
[PlyCount "52"]
[EventDate "2018.??.??"]
[WhiteClock "1:29:00"]
[BlackClock "1:30:00"]

1. d4 Nf6 2. Nf3 e6 3. Bf4 b6 4. e3 Bb7 5. Bd3 d5 6. Nbd2 Bd6 7. Bxd6 cxd6 8.
c4 Nc6 9. Qb3 Na5 10. Qa4+ Bc6 11. Qc2 Rc8 12. Rc1 O-O 13. b3 dxc4 14. bxc4 b5
15. O-O bxc4 16. Be2 d5 17. Ne5 Bb5 18. f4 Nc6 19. Rf3 Nb4 20. Qb2 Qa5 21. Rc3
Qxa2 22. Qxb4 Qxd2 23. Qxb5 Qxc3 24. Rh3 Qe1+ 25. Bf1 Ne4 26. Ng4 Nd2 0-1

[Event "1st CRO junior liga"]
[Site "Sveti Filip i Jakov"]
[Date "2018.04.07"]
[Round "9.6"]
[White "Smetisko, Josip"]
[Black "Jankovic, Antonio"]
[Result "0-1"]
[WhiteElo "1880"]
[BlackElo "1792"]
[PlyCount "106"]
[EventDate "2018.??.??"]
[WhiteClock "1:30:00"]
[BlackClock "1:30:00"]

1. e4 e5 2. Nf3 Nc6 3. Be2 Nf6 4. d3 Bc5 5. O-O O-O 6. Nbd2 d5 7. c3 d4 8. c4
a5 9. a4 h6 10. Nh4 Be7 11. g3 Nd7 12. Nf5 Nc5 13. Nxe7+ Qxe7 14. f4 exf4 15.
Rxf4 Ne5 16. Nb3 Ne6 17. Rf1 Bd7 18. Bf4 Ng6 19. Qe1 b6 20. Qf2 Rad8 21. Rfc1
Bc6 22. Bd1 Qb4 23. Bd2 Qe7 24. Ra2 Ne5 25. Qf1 Qd7 26. Na1 Nc5 27. Bc2 Bxa4
28. Bxa4 Nxa4 29. Bf4 Rfe8 30. Nb3 Ra8 31. Rca1 Nc5 32. Nxc5 bxc5 33. Rxa5 Rxa5
34. Rxa5 g5 35. Bxe5 Rxe5 36. Qf6 Re6 37. Qf5 Qe7 38. Qxc5 Qf6 39. Kg2 g4 40.
Qf5 Qxf5 41. Rxf5 Rb6 42. Rb5 Rxb5 43. cxb5 Kf8 44. Kf2 Ke7 45. Ke2 Kd6 46. b4
c5 47. bxc5+ Kxc5 48. b6 Kxb6 49. Kd2 Ka5 50. Kc1 f6 51. Kb1 Kb4 52. Kb2 h5 53.
Kc2 Ka3 0-1

[Event "1st CRO junior liga"]
[Site "Sveti Filip i Jakov"]
[Date "2018.04.07"]
[Round "9.7"]
[White "Birkic, Josip"]
[Black "Djukin, Marko"]
[Result "0-1"]
[WhiteElo "1781"]
[BlackElo "1896"]
[PlyCount "84"]
[EventDate "2018.??.??"]
[WhiteClock "1:27:00"]
[BlackClock "1:30:00"]

1. d4 Nf6 2. Nf3 c5 3. d5 b5 4. c4 Qa5+ 5. Bd2 b4 6. Qc2 g6 7. e4 d6 8. Bd3 Bg7
9. O-O O-O 10. Bf4 Nh5 11. Be3 e5 12. Nh4 Qd8 13. g3 Nf4 14. Ng2 Nxd3 15. Qxd3
f5 16. Nd2 Nd7 17. Rab1 Nf6 18. Bg5 Qa5 19. Bxf6 Rxf6 20. Ra1 f4 21. a4 Bh3 22.
Nf3 Bh6 23. Nfe1 Raf8 24. gxf4 Bxg2 25. Nxg2 Bxf4 26. Nxf4 Rxf4 27. f3 Qd8 28.
Rf2 Qd7 29. b3 Qh3 30. Raf1 Kh8 31. Qe3 g5 32. Qe2 h6 33. Qd1 g4 34. fxg4 Rxf2
35. Rxf2 Rxf2 36. Kxf2 Qxh2+ 37. Ke3 Qf4+ 38. Kd3 Qf2 39. Qh1 Kg7 40. Qd1 Qd4+
41. Ke2 Qxe4+ 42. Kf2 Qd4+ 0-1

[Event "1st CRO junior liga"]
[Site "Sveti Filip i Jakov"]
[Date "2018.04.07"]
[Round "9.8"]
[White "Svabenic, Stjepan"]
[Black "Ljubicic, Mario"]
[Result "0-1"]
[WhiteElo "1225"]
[BlackElo "1738"]
[PlyCount "102"]
[EventDate "2018.??.??"]
[WhiteClock "1:30:00"]
[BlackClock "1:30:00"]

1. c4 Nf6 2. d4 g6 3. Nc3 Bg7 4. e3 d6 5. Nf3 O-O 6. Bd3 Re8 7. O-O e5 8. d5 e4
9. Be2 exf3 10. Bxf3 Bf5 11. Re1 Ne4 12. Nxe4 Bxe4 13. Bxe4 Rxe4 14. Qb3 b6 15.
a4 Nd7 16. Qc2 Re7 17. Rb1 a5 18. Bd2 Nc5 19. Rec1 Qd7 20. b3 Rae8 21. Bc3 Bxc3
22. Qxc3 Qf5 23. Rc2 Re4 24. Rd1 h5 25. h3 Qg5 26. Ra2 Qe5 27. Qc2 Na6 28. Qb2
Nb4 29. Qxe5 R4xe5 30. Re2 Re4 31. Kh2 h4 32. g3 hxg3+ 33. Kxg3 Kg7 34. Ree1 f5
35. Kf3 f4 36. Re2 fxe3 37. Rxe3 Rxe3+ 38. fxe3 Na6 39. Rd3 Nc5 40. Rc3 Kf6 41.
Ke2 Rh8 42. e4 Nxe4 43. Rf3+ Ke5 44. Rf7 Rxh3 45. Re7+ Kd4 46. Rxc7 Rxb3 47.
Rg7 g5 48. Rh7 Kxc4 49. Rh1 Kxd5 50. Rd1+ Ke5 51. Rf1 Ng3+ 0-1

[Event "1st CRO junior liga"]
[Site "Sveti Filip i Jakov"]
[Date "2018.04.07"]
[Round "9.9"]
[White "Ghersinich, Enrico"]
[Black "Jurakic, Lukas"]
[Result "1-0"]
[WhiteElo "2216"]
[BlackElo "1698"]
[PlyCount "39"]
[EventDate "2018.??.??"]
[WhiteClock "1:31:00"]
[BlackClock "1:30:00"]

1. c4 Nf6 2. d4 g6 3. Nc3 Bg7 4. e4 d6 5. Be2 O-O 6. Be3 c5 7. e5 Nfd7 8. exd6
exd6 9. Nf3 Nc6 10. O-O a6 11. Qd2 Qa5 12. a3 cxd4 13. Nxd4 Qc7 14. Nd5 Qd8 15.
Bg5 f6 16. Ne6 Qa5 17. b4 Qa4 18. Nxg7 Kxg7 19. Bh6+ Kg8 20. Bd1 1-0

[Event "1st CRO junior liga"]
[Site "Sveti Filip i Jakov"]
[Date "2018.04.07"]
[Round "9.10"]
[White "Hajpek, Erik"]
[Black "Mainenti, Kevin"]
[Result "0-1"]
[WhiteElo "1790"]
[BlackElo "1888"]
[PlyCount "130"]
[EventDate "2018.??.??"]
[WhiteClock "1:32:00"]
[BlackClock "1:31:00"]

1. e4 e5 2. Nf3 Nc6 3. Bb5 a6 4. Ba4 Bc5 5. c3 b5 6. Bb3 d6 7. d3 Be6 8. Bc2
Bg4 9. Nbd2 Nge7 10. h3 Bh5 11. Nf1 O-O 12. Ng3 Bg6 13. O-O d5 14. Bb3 Re8 15.
Qc2 Bb6 16. Re1 d4 17. Bg5 Qd6 18. a3 Kh8 19. Bxe7 Nxe7 20. c4 c5 21. Qe2 f6
22. cxb5 axb5 23. Nh4 Rec8 24. Rac1 Be8 25. Nhf5 Nxf5 26. Nxf5 Qd7 27. Qf3 Rc7
28. Rc2 Bf7 29. Bxf7 Qxf7 30. Rec1 Qd7 31. h4 Kg8 32. h5 Rac8 33. h6 g6 34. Ng7
Kf7 35. b3 Ba5 36. g4 Bc3 37. g5 Qd6 38. Kh2 Ke7 39. Rg1 Rf8 40. Qg3 fxg5 41.
Qxg5+ Qf6 42. Rg2 Qxg5 43. Rxg5 Kd6 44. Kg2 Ra7 45. Ra2 Ba5 46. b4 Bxb4 47.
axb4 Rxa2 48. bxc5+ Kd7 49. Rxe5 Raxf2+ 50. Kg1 R2f6 51. Rd5+ Kc6 52. Rxd4 Kxc5
53. Rd5+ Kc6 54. d4 b4 55. Rc5+ Kb6 56. Rc4 Kb5 57. Rc5+ Ka4 58. e5 Rf1+ 59.
Kg2 Re1 60. e6 Rd8 61. Re5 Rxe5 62. dxe5 b3 63. e7 Rb8 64. e8=Q+ Rxe8 65. Nxe8
b2 0-1

[Event "1st CRO junior liga"]
[Site "Sveti Filip i Jakov"]
[Date "2018.04.07"]
[Round "9.11"]
[White "Purini, Bruno"]
[Black "Drempetic, Mario"]
[Result "1/2-1/2"]
[WhiteElo "1409"]
[BlackElo "1767"]
[PlyCount "75"]
[EventDate "2018.??.??"]
[WhiteClock "1:31:00"]
[BlackClock "1:31:00"]

1. e4 e5 2. Nf3 Nc6 3. Bb5 a6 4. Bxc6 dxc6 5. O-O Qd6 6. d4 exd4 7. Qxd4 Qxd4
8. Nxd4 Nf6 9. Re1 Bc5 10. Nb3 Bb6 11. Be3 Bxe3 12. Rxe3 Be6 13. Nc5 O-O-O 14.
Nc3 Rd2 15. Re2 Rhd8 16. Rae1 Bc4 17. Rxd2 Rxd2 18. Rc1 b6 19. e5 Ng4 20. N5e4
Rd4 21. f4 Bd5 22. Re1 b5 23. h3 Nh6 24. g3 b4 25. Nxd5 cxd5 26. Ng5 Rd2 27.
Rc1 Nf5 28. Nf3 Re2 29. g4 Ng3 30. a3 bxa3 31. bxa3 c5 32. Ng5 d4 33. Nxf7 Ne4
34. Kf1 Re3 35. Re1 Nd2+ 36. Kf2 Ne4+ 37. Kf1 Nd2+ 38. Kf2 1/2-1/2

[Event "1st CRO junior liga"]
[Site "Sveti Filip i Jakov"]
[Date "2018.04.07"]
[Round "9.12"]
[White "Hajpek, Egon"]
[Black "Fiskus, Eva"]
[Result "1-0"]
[WhiteElo "1538"]
[BlackElo "1294"]
[PlyCount "69"]
[EventDate "2018.??.??"]
[WhiteClock "1:31:00"]
[BlackClock "1:30:00"]

1. e4 e5 2. Nf3 Nc6 3. Bb5 d6 4. O-O Nf6 5. d4 exd4 6. Nxd4 Bd7 7. Nxc6 Bxc6 8.
Bxc6+ bxc6 9. Nc3 d5 10. Bg5 dxe4 11. Qe2 Be7 12. Nxe4 O-O 13. Nxf6+ Bxf6 14.
Rad1 Qe8 15. Qg4 Bxb2 16. Rb1 f5 17. Qc4+ Kh8 18. Rxb2 Qe5 19. Rfb1 f4 20. Qxc6
Rae8 21. Qb5 c5 22. h4 h6 23. Bxh6 gxh6 24. Qd3 Qe6 25. Rb7 Re7 26. Qc3+ Kg8
27. Qxc5 Rg7 28. Rxg7+ Kxg7 29. Qxa7+ Kg8 30. Rb8 Qf7 31. Qxf7+ Kxf7 32. Rxf8+
Kxf8 33. Kh2 h5 34. g3 f3 35. g4 1-0

[Event "1st CRO junior liga"]
[Site "Sveti Filip i Jakov"]
[Date "2018.04.07"]
[Round "9.16"]
[White "Cecic-Sule, Dino"]
[Black "Cavlovic, Viktor"]
[Result "1/2-1/2"]
[WhiteElo "1390"]
[BlackElo "1742"]
[PlyCount "21"]
[EventDate "2018.??.??"]
[WhiteClock "1:30:00"]
[BlackClock "1:30:00"]

1. d4 d5 2. Nf3 Nf6 3. Bf4 Bf5 4. e3 e6 5. Bd3 Bg6 6. O-O Bd6 7. Bg3 O-O 8.
Bxg6 hxg6 9. Nbd2 Bxg3 10. hxg3 Nbd7 11. Nb1 1/2-1/2

[Event "1st CRO junior liga"]
[Site "Sveti Filip i Jakov"]
[Date "2018.04.07"]
[Round "9.17"]
[White "Jambresic, Filip"]
[Black "Tomulic, Teo"]
[Result "0-1"]
[WhiteElo "2030"]
[BlackElo "2298"]
[PlyCount "92"]
[EventDate "2018.??.??"]
[WhiteClock "1:30:00"]
[BlackClock "1:30:00"]

1. Nf3 Nf6 2. d4 e6 3. c4 d5 4. Nc3 c6 5. Bg5 Nbd7 6. e3 Qa5 7. cxd5 Nxd5 8.
Qd2 Nxc3 9. bxc3 c5 10. Bd3 cxd4 11. exd4 Bd6 12. O-O O-O 13. Rab1 Qc7 14. c4
b6 15. Be4 Rb8 16. Rfc1 Ba6 17. Qe2 Bf4 18. Bxf4 Qxf4 19. Qe3 Qxe3 20. fxe3
Rbc8 21. Bd3 Rc7 22. Rb3 Bb7 23. Kf2 Rd8 24. Ra3 Ba8 25. Rac3 Kf8 26. h3 Ke7
27. Nd2 f5 28. Nb3 e5 29. Be2 g5 30. c5 Nf6 31. Bf3 Bxf3 32. gxf3 exd4 33. exd4
Nd5 34. R3c2 f4 35. cxb6 Rxc2+ 36. Rxc2 axb6 37. Rc6 Ra8 38. Rc2 Nb4 39. Rc7+
Kd6 40. Rxh7 Rxa2+ 41. Ke1 Kd5 42. Rb7 Kc4 43. Nd2+ Kd3 44. Ne4 Nd5 45. Nxg5
Ne3 46. Rxb6 Re2# 0-1

[Event "1st CRO junior liga"]
[Site "Sveti Filip i Jakov"]
[Date "2018.04.07"]
[Round "9.18"]
[White "Safar, Sandro"]
[Black "Golub, Nikolina"]
[Result "1/2-1/2"]
[WhiteElo "2224"]
[BlackElo "1870"]
[PlyCount "116"]
[EventDate "2018.??.??"]
[WhiteClock "1:28:00"]
[BlackClock "1:30:00"]

1. e4 c5 2. Nc3 e6 3. f4 d5 4. d3 Nc6 5. Nf3 dxe4 6. Nxe4 Nf6 7. Nf2 Bd6 8. g3
O-O 9. Bg2 e5 10. fxe5 Nxe5 11. Nxe5 Bxe5 12. O-O Qb6 13. c3 Be6 14. Qe2 Qc7
15. Ne4 Nxe4 16. Qxe4 Rad8 17. Qxb7 Qxb7 18. Bxb7 Rxd3 19. Be4 Rd7 20. Be3 Rb8
21. Rf2 c4 22. Re1 g6 23. Ree2 Rd1+ 24. Rf1 Rd7 25. Kg2 Bd5 26. Bxd5 Rxd5 27.
Bf4 Bxf4 28. Rxf4 Rdb5 29. Rxc4 Rxb2 30. Rce4 f5 31. Re7 Rxe2+ 32. Rxe2 Rc8 33.
Rc2 Rc4 34. Kf3 Kf7 35. Ke3 Ke6 36. Kd3 Kd5 37. Rb2 Ra4 38. Rb7 Rxa2 39. Rd7+
Kc5 40. Rc7+ Kd6 41. Rxh7 Kc5 42. Rh6 Ra6 43. h4 Rd6+ 44. Kc2 Kd5 45. h5 gxh5
46. Rxh5 Ke4 47. Rh4+ Ke5 48. Rf4 Rg6 49. Rf3 a6 50. Re3+ Kd5 51. Kd3 Rg4 52.
Rf3 Ke5 53. c4 Rd4+ 54. Kc3 Rd1 55. Kb4 Kd4 56. Rf4+ Ke5 57. Rf3 Kd4 58. Rf4+
Ke5 1/2-1/2

[Event "1st CRO junior liga"]
[Site "Sveti Filip i Jakov"]
[Date "2018.04.07"]
[Round "9.19"]
[White "Rickovic, Tomislav"]
[Black "Batory, Lucija"]
[Result "1/2-1/2"]
[WhiteElo "1622"]
[BlackElo "1692"]
[PlyCount "84"]
[EventDate "2018.??.??"]
[WhiteClock "1:30:00"]
[BlackClock "1:30:00"]

1. d4 d5 2. c4 e6 3. Nc3 c6 4. cxd5 exd5 5. Nf3 Nf6 6. Bg5 h6 7. Bh4 Bf5 8. e3
Bd6 9. Bd3 Bxd3 10. Qxd3 Nbd7 11. O-O O-O 12. e4 dxe4 13. Nxe4 Be7 14. Nxf6+
Nxf6 15. Rfe1 Re8 16. Qb3 Qb6 17. Qxb6 axb6 18. a3 Kf8 19. Ne5 g5 20. Bg3 Rad8
21. Rad1 Nd5 22. Rd3 Bf6 23. Red1 Bg7 24. Rf3 f6 25. Kf1 Kg8 26. Nc4 Bf8 27.
Ne3 Kg7 28. Nxd5 Rxd5 29. Bc7 b5 30. Re3 Kf7 31. Rde1 Rxe3 32. fxe3 Bd6 33.
Bxd6 Rxd6 34. Ke2 Ke6 35. Rc1 h5 36. h4 g4 37. g3 Rd5 38. Rc2 Kd6 39. Rd2 Ke6
40. e4 Rd7 41. Ke3 Rd8 42. Rf2 Ra8 1/2-1/2

[Event "1st CRO junior liga"]
[Site "Sveti Filip i Jakov"]
[Date "2018.04.07"]
[Round "9.20"]
[White "Troselj, Ivan"]
[Black "Mesar, Vedran"]
[Result "0-1"]
[WhiteElo "1722"]
[BlackElo "1638"]
[PlyCount "68"]
[EventDate "2018.??.??"]
[WhiteClock "1:30:00"]
[BlackClock "1:30:00"]

1. e4 c5 2. Nf3 g6 3. d4 cxd4 4. Nxd4 Bg7 5. Nc3 Nc6 6. Be3 Nf6 7. Bb5 a6 8.
Bc4 O-O 9. O-O Qc7 10. Bb3 b5 11. f3 Bb7 12. Qd2 Rfd8 13. Nd5 Nxd5 14. Bxd5
Nxd4 15. Bxb7 Nxf3+ 16. Rxf3 Qxb7 17. c3 Qxe4 18. Re1 Qc4 19. Bh6 Bf6 20. Qf2
Qc6 21. Kh1 d5 22. Qe3 Rd6 23. Qf4 Re6 24. Rxe6 Qxe6 25. h3 Be5 26. Qh4 Rc8 27.
Re3 Qf6 28. Qe1 Bd6 29. Qd1 e6 30. Rf3 Qe7 31. Qd4 f5 32. h4 Rc4 33. Qb6 Qxh4+
34. Kg1 Bc5+ 0-1

[Event "1st CRO junior liga"]
[Site "Sveti Filip i Jakov"]
[Date "2018.04.07"]
[Round "9.21"]
[White "Plenca, Jadranko"]
[Black "Dasic, Jelena"]
[Result "1-0"]
[WhiteElo "2497"]
[BlackElo "1823"]
[PlyCount "59"]
[EventDate "2018.??.??"]
[WhiteClock "1:30:00"]
[BlackClock "1:30:00"]

1. e4 c5 2. Nf3 e6 3. c3 d5 4. exd5 exd5 5. d4 Nf6 6. Bb5+ Bd7 7. Bxd7+ Nbxd7
8. O-O Be7 9. dxc5 Nxc5 10. Nbd2 O-O 11. Nb3 Re8 12. Nxc5 Bxc5 13. Bg5 Re6 14.
Qd3 Rc8 15. Rad1 Qb6 16. Bxf6 Rxf6 17. Ng5 Bxf2+ 18. Kh1 Rh6 19. Qf5 Qc7 20. h3
Bh4 21. Nf3 g6 22. Qxd5 Rh5 23. Qd4 Be7 24. Qxa7 Bc5 25. Qa4 Qg3 26. Qc4 Re8
27. Ng5 Rf8 28. Rxf7 Kh8 29. Rxf8+ Bxf8 30. Qf7 1-0

[Event "1st CRO junior liga"]
[Site "Sveti Filip i Jakov"]
[Date "2018.04.07"]
[Round "9.22"]
[White "Petrovic, David"]
[Black "Muha, Miljenko"]
[Result "0-1"]
[WhiteElo "1651"]
[BlackElo "2395"]
[PlyCount "68"]
[EventDate "2018.??.??"]
[WhiteClock "1:22:00"]
[BlackClock "1:30:00"]

1. e4 e6 2. c4 c5 3. Nf3 Qc7 4. d4 cxd4 5. Nxd4 a6 6. Bd3 Nc6 7. Nxc6 dxc6 8.
O-O Nf6 9. f4 Bc5+ 10. Kh1 e5 11. f5 b6 12. Bg5 Bb7 13. Qf3 Bd4 14. Nc3 c5 15.
Bxf6 gxf6 16. Nd5 Bxd5 17. exd5 Ke7 18. Rab1 Qd6 19. a4 Rab8 20. b3 Rhg8 21.
Qe4 Rg7 22. Rf4 Rbg8 23. Rh4 Rxg2 24. Qxg2 Rxg2 25. Kxg2 Qd8 26. Kf3 Qg8 27.
Re1 Qg5 28. Rxd4 cxd4 29. Re2 a5 30. Kf2 Kd6 31. Ke1 h5 32. Kd1 Qg1+ 33. Kd2
Qa1 34. Kc2 Qc3+ 0-1